Normal view
MARC view
- Herrera Andrade, Miguel Angel,
Entry Nombre Personal
001 - NUMERO DE CONTROL
- campo de control: 28901
003 - IDENTIFICADOR DE NUMERO DE CONTROL
- campo de control: UPN
005 - FECHA Y HORA DE LA ÜLTIMA TRANSACCIÓN
- campo de control: 20210219194358.0
008 - DATOS DE LONGITUD FIJA
- campo de control de longitud fija: nabaccnnaabn|||||||||| b |nc|||||d
035 ## - NUMERO DE CONTROL
- Número de control: UPN11000001007
040 ## - FUENTE DE CATALOGACIÓN
- Lenguaje de catalogación: SPA
- Agencia de transcripción: UPN
100 1# - ENCABEZAMIENTO - NOMBRE PERSONAL
- Nombre personal: Herrera Andrade, Miguel Angel,
- Fechas asociadas con el nombre: 1944-2002
670 ## - FUENTE EN LA QUE SE LOCALIZARON DATOS
- Cita de la fuente: T
- Uniform Resource Identifier: http://www.crya.unam.mx/rmaa/RMxAA..38-2/PDF/RMxAA..38-2_obituary.pdf
680 ## - NOTA PUBLICA DE ACCESO PÚBLICO
- Frase explicativa de la referencia: Astrónomo e investigador mexicano
902 ## - CATALOGADOR
- Catalogador: DAA/150208
